| 000 | 01243cam a22003375a 4500 | ||
|---|---|---|---|
| 001 | 1039753 | ||
| 005 | 20180108113019.0 | ||
| 008 | 890112t1988 ja fr f001 0 eng d | ||
| 020 | _a413057079X | ||
| 040 |
_aDLC _cDLC _dDLC _dEG-ScBUE _beng |
||
| 041 | 1 |
_aeng _hjpn |
|
| 043 | _aa-ja--- | ||
| 082 | 0 | 4 |
_a370.952 _222 _bHOR |
| 100 | 1 |
_aHorio, Teruhisa, _d1933- |
|
| 245 | 1 | 0 |
_aEducational thought and ideology in modern Japan : _bstate authority and intellectual freedom / _cTeruhisa Horio ; edited and translated by Steven Platzer. |
| 260 |
_a[Tokyo] : _bUniversity of Tokyo Press, _cc.1988. |
||
| 300 |
_axxvi, 410 p. ; _c24 cm. |
||
| 500 | _aIncludes index. | ||
| 541 | _aDonation from Japan Foundation. | ||
| 546 | _aText in English ; translated from Japanese. | ||
| 650 | 7 |
_aEducation and state _zJapan _xHistory. _2BUEsh |
|
| 650 | 7 |
_aEducation _xAims and objectives _zJapan _xHistory. _2BUEsh |
|
| 650 | 0 |
_aEducation _zJapan _xPhilosophy _xHistory. _2BUEsh |
|
| 650 | 7 |
_aEducational law and legislation _zJapan. _2BUEsh |
|
| 651 | _2BUEsh | ||
| 653 |
_bGGEN _cJanuary2018 |
||
| 700 | 1 |
_aPlatzer, Steven, _etranslator. |
|
| 906 |
_a7 _bcbc _corignew _d3 _encip _f19 _gy-gencatlg |
||
| 942 | _2ddc | ||
| 999 |
_c25886 _d25858 |
||